000 00300nam a2200121Ia 4500
005 20250409181041.0
008 250409s9999||||xx |||||||||||||| ||und||
100 _aVERMA, M M
245 0 _aSALESMANSHIP AND PUBLICITY
260 _bKING BOOKS PUBLISHERS,
_aDELHI:
650 _vManagement
942 _cBOOK
999 _c7396
_d7396